Library Banner

Bar-i- Saghir mein bedari-e-millat ki tahrekein = برصغیر میں بیداری ملت کی تحریکیں / (Record no. 121887)

MARC details
000 -LEADER
fixed length control field 00578nam a2200157 4500
005 - DATE AND TIME OF LATEST TRANSACTION
control field 20210409095434.0
008 - FIXED-LENGTH DATA ELEMENTS--GENERAL INFORMATION
fixed length control field 210409b ||||| |||| 00| 0 eng d
040 ## - CATALOGING SOURCE
Transcribing agency PK-LaUMT
082 ## - DEWEY DECIMAL CLASSIFICATION NUMBER
Classification number RHC 320.95491
Item number SYE-B
100 ## - MAIN ENTRY--PERSONAL NAME
Personal name Syed Asad Gilani = سید اسعد گیلانی
245 ## - TITLE STATEMENT
Title Bar-i- Saghir mein bedari-e-millat ki tahrekein = برصغیر میں بیداری ملت کی تحریکیں /
Statement of responsibility, etc by Syed Asad Gilani = سید اسعد گیلانی
260 ## - PUBLICATION, DISTRIBUTION, ETC. (IMPRINT)
Place of publication, distribution, etc Lahore :
Name of publisher, distributor, etc Ferozsons,
Date of publication, distribution, etc 1992
300 ## - PHYSICAL DESCRIPTION
Extent 584 p.
650 ## - SUBJECT ADDED ENTRY--TOPICAL TERM
Topical term or geographic name as entry element Political condition-South Asia
942 ## - ADDED ENTRY ELEMENTS (KOHA)
Koha item type Books
Holdings
Withdrawn status Lost status Damaged status Home library Current library Date acquired Full call number Barcode Date last seen Price effective from Koha item type
      UMT Main Campus UMT Main Campus 2021-04-09 RHC 320.95491 SYE-B 137120 2021-04-09 2021-04-09 Books